Post-rozvojový prístup k zaostávaniu vybraných rozvojových štátov Afriky diplomová práca

Enregistré dans:
Détails bibliographiques
Auteur principal: Bolčíková, Zuzana
Collectivité auteur: Fakulta medzinárodných vzťahov EU. Katedra medzinárodných ekonomických vzťahov a hospodárskej diplomacie
Autres auteurs: Grančay, Nóra
Format: Livre
Langue:slovaque
Publié: Bratislava 2015
Tags: Ajouter un tag
Pas de tags, Soyez le premier à ajouter un tag!

MARC

LEADER 00000nbm a2200000 4500
001 0201152
005 20161212100003.2
041 0 |a slo 
044 |a SK 
245 1 0 |a Post-rozvojový prístup k zaostávaniu vybraných rozvojových štátov Afriky  |b diplomová práca  |c Zuzana Bolčíková ; školiteľ: Nóra Grančay 
264 1 |a Bratislava  |c 2015 
300 |a 70 s. 
100 1 |a Bolčíková, Zuzana 
700 1 |a Grančay, Nóra 
710 2 |a Fakulta medzinárodných vzťahov EU. Katedra medzinárodných ekonomických vzťahov a hospodárskej diplomacie